Name the Sopranos Characters Quiz Stats

Quiz not verified by Sporcle

Challenge
Share
Tweet
Embed
Score 0/36 Timer 06:00
0 Plays Today
Actor/Actress Character % Correct
James GandolfiniAnthony Soprano
99.9%
Jamie-Lynn SiglerMeadow Soprano
98.4%
Michael ImperioliChristopher Moltisanti
97.8%
Edie FalcoCarmela Soprano
96.2%
Tony SiricoPaulie 'Walnuts' Gualtieri
94.2%
Robert IlerA.J. Soprano
92.9%
Dominic ChianeseCorrado 'Junior' Soprano
92.2%
Steve Van ZandtSilvio Dante
92.1%
Lorraine BraccoDr. Jennifer Melfi
90%
Aida TurturroJanice Soprano
88.9%
Vincent PastoreSalvatore 'Big Pussy' Bonpensiero
88%
Steve SchirripaBobby 'Bacala' Baccalieri
82.7%
Drea De MatteoAdriana La Cerva
82.7%
John VentimigliaArthur Bucco
81.5%
Joe PantolianoRalph Cifaretto
79.9%
Federico CastelluccioFurio Giunta
78.7%
Michael RispoliGiacomo 'Jackie' Aprile Sr.
76.6%
Joseph R. GannascoliVito Spatafore
75.8%
Actor/Actress Character % Correct
Steve BuscemiTony Blundetto
74.9%
Jerry AdlerHerman 'Hesh' Rabkin
74.7%
Nancy MarchandLivia Soprano
74%
David ProvalRichie Aprile
72.4%
Vince CuratolaJohn 'Johnny Sack' Sacramoni
71.3%
Paul SchulzeFather Phil Intintola
66.5%
Frank VincentPhil Leotardo
66.2%
Ray Abruzzo'Little' Carmine Lupertazzi Jr.
65.3%
Sharon AngelaRosalie Aprile
62.5%
Dan GrimaldiPatsy Parisi
61.6%
Kathrine NarducciCharmaine Bucco
59.7%
Toni KalemAngie Bonpensiero
44.9%
Matt ServittoAgent Dwight Harris
43.3%
Peter BogdanovichDr. Elliot Kupferberg
41%
Maureen Van ZandtGabriella Dante
39.4%
Al SapienzaMikey 'Grab Bag' Palmice
36.3%
John FioreGigi Cestone
34.7%
Robert FunaroEugene Pontecorvo
33.7%

You're not logged in!

Compare scores with friends on all Sporcle quizzes.
Sign Up with Email
OR
Log In

You Might Also Like...

Show Comments

Extras

Top Quizzes Today


Score Distribution

Your Account Isn't Verified!

In order to create a playlist on Sporcle, you need to verify the email address you used during registration. Go to your Sporcle Settings to finish the process.